The millenium among the Tupí-Cocama : (Registro nro. 1262)

000 -CABECERA
campo de control de longitud fija 01054nam a2200229 4500
005 - FECHA Y HORA DE LA ÚLTIMA TRANSACCIÓN
campo de control 20210511185606.0
008 - DATOS DE LONGITUD FIJA--INFORMACIÓN GENERAL
campo de control de longitud fija 210511s1992 us ab||fr|||| 001 0 eng d
020 ## - NÚMERO INTERNACIONAL ESTÁNDAR DEL LIBRO
ISBN 9150609033
040 ## - FUENTE DE LA CATALOGACIÓN
Centro catalogador/agencia de origen CENDOC CAAAP
Lengua de catalogación spa
Centro/agencia transcriptor CAAAP
041 ## - CÓDIGO DE LENGUA
Código de lengua del texto/banda sonora o título independiente eng
050 ## - SIGNATURA TOPOGRÁFICA DE LA BIBLIOTECA DEL CONGRESO
Número de clasificación GN 470.7
Número de documento/Ítem A31
100 1# - ENTRADA PRINCIPAL--NOMBRE DE PERSONA
9 (RLIN) 2103
Nombre personal Agüero, Oscar Alfredo
245 14 - MENCIÓN DE TÍTULO
Título The millenium among the Tupí-Cocama :
Subtitulo a case of religious ethno-dynamism in the peruvian Amazon /
Mención de responsabilidad, etc. Oscar Alfredo Agüero
250 ## - MENCIÓN DE EDICIÓN
Mención de edición 1ra ed.
260 ## - PUBLICACIÓN, DISTRIBUCIÓN, ETC.
Lugar de publicación, distribución, etc. Uppsala :
Nombre del editor, distribuidor, etc. Uppsaña University,
Fecha de publicación, distribución, etc. 1992
300 ## - DESCRIPCIÓN FÍSICA
Extensión 132 p.
505 ## - NOTA DE CONTENIDO CON FORMATO
Nota de contenido con formato Contiene : Introduction -- Who are the Tupí-cocama? -- The religious field in the region of Nauta -- Description of the religious field of the religious field od the Bethren of the Cross -- Religious cosmology of the Tupí-Cocama Brethtrn of the Cross: Synchretic aspects -- Villa Alterosa --The evil of the wordl -- Conclusions.
650 10 - PUNTO DE ACCESO ADICIONAL DE MATERIA--TÉRMINO DE MATERIA
9 (RLIN) 2125
Término de materia o nombre geográfico como elemento de entrada Indígenas cocama
Subdivisión general Vida y costumbres
650 20 - PUNTO DE ACCESO ADICIONAL DE MATERIA--TÉRMINO DE MATERIA
9 (RLIN) 31
Término de materia o nombre geográfico como elemento de entrada Misiones Religiosas
650 #0 - PUNTO DE ACCESO ADICIONAL DE MATERIA--TÉRMINO DE MATERIA
9 (RLIN) 688
Término de materia o nombre geográfico como elemento de entrada Etnología
942 ## - ELEMENTOS PERSONALIZADOS KOHA
Fuente del sistema de clasificación o colocación
Fecha de catalogación 11 - 05 - 21
Tipo de ítem Koha Libros
Existencias
Fuente del sistema de clasificación o colocación Localización permanente Ubicación/localización actual Fecha de adquisición Número de inventario Total de préstamos Signatura LC Fecha visto por última vez Tipo de ítem Koha
  CENTRO DE DOCUMENTACIÓN (CENDOC) CENTRO DE DOCUMENTACIÓN (CENDOC) 05/11/2021 006825   GN 470.7 A31 05/11/2021 Libros
Centro de Documentación CAAAP | AV. Manuel González Prada 626, Magdalena del Mar | (51-1) 4615223 Anexo 205 y 209 | cendoc@caaap.org.pe